Michaels and another v Harley House (Marylebone) Ltd (Record no. 50077)
[ view plain ]
| 000 -LEADER | |
|---|---|
| fixed length control field | 01603cab a2200265 4500 |
| 001 - CONTROL NUMBER | |
| control field | ABS57328 |
| 008 - FIXED-LENGTH DATA ELEMENTS--GENERAL INFORMATION | |
| fixed length control field | 090401t1997 xxu||||| |||| 00| 0 eng d |
| 035 ## - SYSTEM CONTROL NUMBER | |
| System control number | (Sirsi) u79629 |
| 041 ## - LANGUAGE CODE | |
| Language code of text/sound track or separate title | eng |
| 245 ## - TITLE STATEMENT | |
| Title | Michaels and another v Harley House (Marylebone) Ltd |
| 260 ## - PUBLICATION, DISTRIBUTION, ETC. | |
| Date of publication, distribution, etc. | 1997 |
| 350 ## - PRICE (NR) (BK AM CF MU VM SE) [OBSOLETE] | |
| Price | 0 |
| 490 ## - SERIES STATEMENT | |
| Series statement | Weekly Law Reports |
| Volume/sequential designation | [1997] 1 WLR 967-991(24) |
| 520 ## - SUMMARY, ETC. | |
| Summary, etc. | ChD 3 March 1997. Company T owned the freehold on a block of flats when in 1993 company F offered to buy the building. To avoid the tenants acquiring statutory rights to acquire the reversion a scheme was devised where the freehold would be transfered to the defendant H, a subsidiary of T that was formed for the purpose. T entered into a property sale agreement with F and enabling completion, to advance a sum on the terms of loan notes. On the same date T entered into a share sale agreement to sell shares in H and the loan notes to F. Whilst the property transfer was dated 25 March, the share and loan note transfer, which essentially had to take effect before the property transfer, were mistakenly dated 24 March. In October 1996 tenants M sought information on the transfer and a declaration that it involved a `relevant disposal`. Action dismissed. |
| 650 ## - SUBJECT ADDED ENTRY--TOPICAL TERM | |
| Topical term or geographic name entry element | COMPLETION |
| 650 ## - SUBJECT ADDED ENTRY--TOPICAL TERM | |
| Topical term or geographic name entry element | DISPOSAL |
| 650 ## - SUBJECT ADDED ENTRY--TOPICAL TERM | |
| Topical term or geographic name entry element | LEASEHOLD ENFRANCHISEMENT |
| 650 ## - SUBJECT ADDED ENTRY--TOPICAL TERM | |
| Topical term or geographic name entry element | MICHAELS AND ANOTHER V HARLEY HOUSE (MARYLEBONE) LTD |
| 650 ## - SUBJECT ADDED ENTRY--TOPICAL TERM | |
| Topical term or geographic name entry element | PROPERTY TRANSFER |
| 650 ## - SUBJECT ADDED ENTRY--TOPICAL TERM | |
| Topical term or geographic name entry element | RELEVANT DISPOSAL |
| 650 ## - SUBJECT ADDED ENTRY--TOPICAL TERM | |
| Topical term or geographic name entry element | TRANSFER OF SHARES |
| 690 ## - LOCAL SUBJECT ADDED ENTRY--TOPICAL TERM (OCLC, RLIN) | |
| Topical term or geographic name as entry element | LANDLORD AND TENANT-CASE LAW-RESIDENTIAL TENANCIES |
| 942 ## - ADDED ENTRY ELEMENTS (KOHA) | |
| Suppress in OPAC | 0 |
| 948 ## - LOCAL PROCESSING INFORMATION (OCLC); SERIES PART DESIGNATOR (RLIN) | |
| c (OCLC) | 15/07/1997 |
| Withdrawn status | Lost status | Source of classification or shelving scheme | Damaged status | Not for loan | Home library | Current library | Shelving location | Date acquired | Total Checkouts | Full call number | Barcode | Date last seen | Copy number | Price effective from | Koha item type |
|---|---|---|---|---|---|---|---|---|---|---|---|---|---|---|---|
| Dewey Decimal Classification | London | London | Journal article | 14/09/1999 | ABS57328 | 79629-1001 | 06/08/2019 | 1 | 06/08/2019 | Law report |